000 01482nam a2200349Ia 4500
001 ebr10171517
003 CaPaEBR
006 m u
007 cr cn|||||||||
008 070201s2007 enka sb 001 0 eng d
020 _z9781403977649 (hbk.)
020 _z140397764X (hbk.)
040 _aCaPaEBR
_cCaPaEBR
035 _a(OCoLC)244320421
050 1 4 _aDG738.22
_b.H355 2007eb
100 1 _aHanlon, Gregory,
_d1953-
245 1 0 _aHuman nature in rural Tuscany
_h[electronic resource] :
_ban early modern history /
_cGregory Hanlon.
246 3 0 _aTuscany, an early modern history
250 _a1st ed.
260 _aBasingstoke :
_bPalgrave Macmillan,
_c2007.
300 _axii, 218 p., [12] p. of plates :
_bill.
490 1 _aItalian and Italian American studies
504 _aIncludes bibliographical references and index.
533 _aElectronic reproduction.
_bPalo Alto, Calif. :
_cebrary,
_d2008.
_nAvailable via World Wide Web.
_nAccess may be limited to ebrary affiliated libraries.
650 0 _aSociology, Rural
_zItaly
_zTuscany
_xHistory
_y17th century.
650 0 _aHuman beings
_xAnimal nature.
651 0 _aTuscany (Italy)
_xSocial conditions
_y17th century.
655 7 _aElectronic books.
_2local
710 2 _aebrary, Inc.
830 0 _aItalian and Italian American studies (Palgrave Macmillan (Firm))
856 4 0 _uhttp://site.ebrary.com/lib/rucke/Doc?id=10171517
_zAn electronic book accessible through the World Wide Web; click to view
999 _c248744
_d248744